La casa de Aizgorri : (Registro nro. 8682)

Detalles MARC
000 -LEADER
fixed length control field 00713nam a22002297a 4500
003 - CONTROL NUMBER IDENTIFIER
control field DO-SdBNP
005 - DATE AND TIME OF LATEST TRANSACTION
control field 20180118093701.0
008 - FIXED-LENGTH DATA ELEMENTS--GENERAL INFORMATION
fixed length control field 151112b 1972 sp ||||| |||| 00| 0 spa d
040 ## - CATALOGING SOURCE
Original cataloging agency BPMSU
Language of cataloging spa
Transcribing agency BPMSU
092 ## - LOCALLY ASSIGNED DEWEY CALL NUMBER (OCLC)
Classification number xxxxx
Item number xxxxx
100 1# - MAIN ENTRY--PERSONAL NAME
Personal name Baroja y Nessi, Pío,
Dates associated with a name 1872-1956.
245 10 - TITLE STATEMENT
Title La casa de Aizgorri :
Statement of responsibility, etc. novela en siete jornadas /
Linkage Pío Baroja.
250 ## - EDITION STATEMENT
Edition statement 7a ed.
260 ## - PUBLICATION, DISTRIBUTION, ETC. (IMPRINT)
Place of publication, distribution, etc. Madrid :
Name of publisher, distributor, etc. Espasa-Calpe,
Date of publication, distribution, etc. 1972.
300 ## - PHYSICAL DESCRIPTION
Extent 159 p. ;
Dimensions 18 cm.
490 1# - SERIES STATEMENT
Series statement Austral
Volume/sequential designation 365
500 ## - GENERAL NOTE
General note Incluye datos biográficos del autor en la solapa de la cubierta.
830 #0 - SERIES ADDED ENTRY--UNIFORM TITLE
Uniform title Austral ;
Number of part/section of a work 365
942 ## - ADDED ENTRY ELEMENTS (KOHA)
Source of classification or shelving scheme Dewey Decimal Classification
Koha item type Libros
945 ## - LOCAL PROCESSING INFORMATION (OCLC)
a Inventariado, 2018 /LP
956 ## - LOCAL ELECTRONIC LOCATION AND ACCESS (OCLC)
Host name LOPEREZ
Access number 10
Compression information 20180118
Path 0041
Existencias
Withdrawn status Lost status Source of classification or shelving scheme Damaged status Not for loan Collection code Home library Current library Date acquired Source of acquisition Total Checkouts Barcode Date last seen Price effective from Koha item type
    Dewey Decimal Classification     Colección General Biblioteca Pública Metropolitana Salomé Ureña Biblioteca Pública Metropolitana Salomé Ureña 11/12/2015 FUNDI   BPMSU15110233 11/12/2015 11/12/2015 Libros